<?xml version="1.0" encoding="UTF-8"?>
<collection xmlns="http://www.loc.gov/MARC21/slim">
 <record>
  <leader>01270nam a22002651  4500</leader>
  <controlfield tag="001">1/21525</controlfield>
  <controlfield tag="008">990923s1976    enk      d       1  eng d</controlfield>
  <datafield tag="020" ind1=" " ind2=" ">
   <subfield code="a">0810342103</subfield>
  </datafield>
  <datafield tag="035" ind1=" " ind2=" ">
   <subfield code="l">22184</subfield>
  </datafield>
  <datafield tag="040" ind1=" " ind2=" ">
   <subfield code="a">GR-PeUP</subfield>
  </datafield>
  <datafield tag="082" ind1="0" ind2="0">
   <subfield code="a">330.03 DI</subfield>
  </datafield>
  <datafield tag="090" ind1=" " ind2=" ">
   <subfield code="a">R 330.03 DI</subfield>
  </datafield>
  <datafield tag="245" ind1="1" ind2="0">
   <subfield code="a">Dictionary of political economy /</subfield>
   <subfield code="c">Edited by Sir Robert Harry Inglis Palagrave</subfield>
  </datafield>
  <datafield tag="260" ind1=" " ind2=" ">
   <subfield code="a">London :</subfield>
   <subfield code="b">Macmillan ,</subfield>
   <subfield code="c">1976</subfield>
  </datafield>
  <datafield tag="300" ind1=" " ind2=" ">
   <subfield code="a">v. 3 (xv,800 ,xvi,848 ,xi,881) ;</subfield>
   <subfield code="c">24 cm.</subfield>
  </datafield>
  <datafield tag="500" ind1=" " ind2=" ">
   <subfield code="a">Vol. I A-E, vol. II F-M, vol. N-Z</subfield>
  </datafield>
  <datafield tag="500" ind1=" " ind2=" ">
   <subfield code="a">Reprint of the 1910 ed.published by Macmillan, London</subfield>
  </datafield>
  <datafield tag="650" ind1=" " ind2="4">
   <subfield code="a">Economics</subfield>
   <subfield code="x">Dictionaries.</subfield>
  </datafield>
  <datafield tag="700" ind1="1" ind2=" ">
   <subfield code="a">Palgrave, Robert Harry Inglis</subfield>
   <subfield code="c">sir,</subfield>
   <subfield code="d">1827-1919,</subfield>
   <subfield code="e">ed.</subfield>
  </datafield>
  <datafield tag="852" ind1=" " ind2=" ">
   <subfield code="a">INST</subfield>
   <subfield code="b">UNIPILB</subfield>
   <subfield code="c">REF</subfield>
   <subfield code="e">20040709</subfield>
   <subfield code="h">330.03 DI</subfield>
   <subfield code="p">00116647</subfield>
   <subfield code="q">00116647</subfield>
   <subfield code="t">NOLOAN</subfield>
   <subfield code="v">v.1:</subfield>
   <subfield code="y">23</subfield>
   <subfield code="z">v.1</subfield>
   <subfield code="4">2</subfield>
  </datafield>
  <datafield tag="852" ind1=" " ind2=" ">
   <subfield code="a">INST</subfield>
   <subfield code="b">UNIPILB</subfield>
   <subfield code="c">REF</subfield>
   <subfield code="e">20040709</subfield>
   <subfield code="h">330.03 DI</subfield>
   <subfield code="p">00116648</subfield>
   <subfield code="q">00116648</subfield>
   <subfield code="t">NOLOAN</subfield>
   <subfield code="v">v.2:</subfield>
   <subfield code="y">23</subfield>
   <subfield code="z">v.2</subfield>
   <subfield code="4">2</subfield>
  </datafield>
  <datafield tag="852" ind1=" " ind2=" ">
   <subfield code="a">INST</subfield>
   <subfield code="b">UNIPILB</subfield>
   <subfield code="c">REF</subfield>
   <subfield code="e">20040709</subfield>
   <subfield code="h">330.03 DI</subfield>
   <subfield code="p">00116649</subfield>
   <subfield code="q">00116649</subfield>
   <subfield code="t">NOLOAN</subfield>
   <subfield code="v">v.3:</subfield>
   <subfield code="y">23</subfield>
   <subfield code="z">v.3</subfield>
   <subfield code="4">2</subfield>
  </datafield>
  <datafield tag="852" ind1=" " ind2=" ">
   <subfield code="a">INST</subfield>
   <subfield code="b">UNIPILB</subfield>
   <subfield code="c">REF</subfield>
   <subfield code="e">20040709</subfield>
   <subfield code="h">330.03 DI</subfield>
   <subfield code="p">00132399</subfield>
   <subfield code="q">00132399</subfield>
   <subfield code="t">NOLOAN</subfield>
   <subfield code="v">v.I:</subfield>
   <subfield code="y">23</subfield>
   <subfield code="z">v.I</subfield>
   <subfield code="4">1</subfield>
  </datafield>
  <datafield tag="852" ind1=" " ind2=" ">
   <subfield code="a">INST</subfield>
   <subfield code="b">UNIPILB</subfield>
   <subfield code="c">REF</subfield>
   <subfield code="e">20040709</subfield>
   <subfield code="h">330.03 DI</subfield>
   <subfield code="p">00132400</subfield>
   <subfield code="q">00132400</subfield>
   <subfield code="t">NOLOAN</subfield>
   <subfield code="v">v.II:</subfield>
   <subfield code="y">23</subfield>
   <subfield code="z">v.II</subfield>
   <subfield code="4">1</subfield>
  </datafield>
  <datafield tag="852" ind1=" " ind2=" ">
   <subfield code="a">INST</subfield>
   <subfield code="b">UNIPILB</subfield>
   <subfield code="c">REF</subfield>
   <subfield code="e">20040709</subfield>
   <subfield code="h">330.03 DI</subfield>
   <subfield code="p">00132401</subfield>
   <subfield code="q">00132401</subfield>
   <subfield code="t">NOLOAN</subfield>
   <subfield code="v">v.III:</subfield>
   <subfield code="y">23</subfield>
   <subfield code="z">v.III</subfield>
   <subfield code="4">1</subfield>
  </datafield>
 </record>
</collection>
